000
00314nam a22001457a 4500
008
210511b ||||| |||| 00| 0 eng d
020
_a
0664244718
041
_a
eng
080
_a
159.9
082
_a
159.9
100
_a
48
101
_a
PSI
245
_a
Coping with Your Anger
_c
Lester,A.D
942
_2
udc
_c
BK
999
_c
57144
_d
57144